000 00382nam a22001577a 4500
999 _c531391
_d531391
003 NUST
005 20191015140639.0
008 191015b ||||| |||| 00| 0 eng d
038 _aMSOHAIL
082 _a0
100 _aMuhammad Saeed Sheikh
_914959
245 _aKale Likh Na Lekh
260 _aLahore
_bSang-e-Meel Pub.
_c2012
300 _a288,p;
_c22cm
_fH/B
942 _2ddc
_cBK